| 000 | 01022naa a22003017a 4500 | ||
|---|---|---|---|
| 001 | BR8103243 | ||
| 003 | BR-BrBNA | ||
| 005 | 20240918174743.0 | ||
| 007 | ta | ||
| 008 | 230509b bl.||||| |||| 00| 0 por d | ||
| 040 |
_aBR-BrBNA _bpor _cBiblioteca Nacional de Agricultura |
||
| 041 | _a(Pt) | ||
| 072 |
_aF00 _b1470 |
||
| 090 | _aF00 BR8103243 | ||
| 100 | 1 | _aCardoso, M.R. de O. | |
| 100 | 1 | _aFerreira, F.A. | |
| 100 | 1 | _aAguiar, J.L. de | |
| 245 | 1 | _aEfeitos do espacamento entre fileiras e populacao de plantas na cultura de ervilha (Pisum sativum L.) | |
| 260 | 3 |
_aBelo Horizonte, MG (Brasil): _c1981. |
|
| 500 | _aProjeto olericultura. Relatorio 77/78 Belo Horizonte, MG (Brasil): 1981. p. 303-306 (BR8103243-AM)F00 | ||
| 650 | _aProducao vegetal | ||
| 650 | _aErvilha | ||
| 650 | _aPlantio | ||
| 650 | _aEspacamento | ||
| 773 | 0 |
_tProjeto olericultura. Relatorio 77/78 _wF00 BR8103243 _gBelo Horizonte, MG (Brasil), 1981. p. 303-306 |
|
| 909 |
_a202404 _bLucia _c55 _dLucia Elande |
||
| 942 |
_cAM _2AGRIS |
||
| 999 |
_c313348 _d313348 |
||